000 00743nam a2200217 i 4500
001 86467
003 ES-MaACL
005 20250809062552.0
007 t|
008 041213s1964 sp ||||1| spa d
100 1 _aKantorowicz, Hermann.
_967507
245 1 3 _aLa definición del derecho /
_cHermann Kantorowicz ; edición de A.H. Campbell ; con una introducción de A.L. Goodhart ; traducción del inglés por J.M. de la Vega.
260 _aMadrid :
_bRevista de Occidente,
_c[1964]
300 _a170 p. ;
_c20 cm.
650 4 _aDerecho-
_xFilosofía
_911620
700 1 _aCampbell, A. H.
_934130
700 1 _aGoodhart, A. L.
_959100
700 1 _aVega, Juan M. de la.
_9113560
852 _aES-MaACL
_jC-25460
999 _c86467
_d86467